Statistiques concernant Monstres et créature du monde de tolkien

Cliquez ici pour prendre le quiz!

Statistiques générales

  • Ce quiz a été pris 75 fois
  • Le résultat moyen est 7 sur 15

Statistiques - réponses

Comment se nomme …. ?Réponse% Correct
la créature qui convoite l'anneauGollum
88%
le dragon ayant pris EreborSmaug
85%
le Ent qui recueille Merry et PippinSylvebarbe
79%
la créature fait de flamme et d'ombreBalrog
76%
l'animal présent sur l'étendard du Rohancheval
75%
l'animal que monte Thranduilcerf
66%
le changeur de peau qui recueille la compagnie de ThorinBeorn
57%
le seigneur des chevauxgris-poil
49%
Sur quelle créature la compagnie de Thorin tombe dans la forêt noiraraignées
42%
la puissante monture apprivoisé par les haradrimoliphant
42%
les montures des orcsouargue
28%
le seigneur des aiglesThorondor
15%
Les créatures qui capture la compagnie de Thorin près d'une fermetroll des cavernes
7%
le cheval qu'Aragorn récupère à EdorasHarold
6%
les animaux qui poussent le traineau de Radagastlapins de Rosgobel
6%

Distribution des résultats

Percentile par nombre de réponses

% des personnes avec chaque résultat

Votre développement - résultats

Vous n’avez pas pris ce quiz